US Pacific States - Statistics

General Stats
  • This quiz has been taken 40 times
  • The average score is 14 of 22
Answer Stats
Category Hint Answer % Correct
State . California
100%
State . Washington
92%
State . Alaska
88%
State . Oregon
88%
State . Hawaii
84%
City Golden Gate Bridge, Chinatown... San Francisco
84%
City Hollywood, Venice Beach Los Angeles
80%
City Space Needle, Pike Place.. Seattle
80%
State Capital . Sacramento
76%
River Shares name with a State Capital Sacramento
76%
State Capital . Honolulu
60%
State Capital . Juneau
60%
State Capital . Olympia
56%
State Capital . Salem
56%
Mountain Tallest Mountain in North America Denali (McKinley)
52%
City Klondike, Iditarod Anchorage
48%
River Shares name with Canadian Territory Yukon
44%
Volcano Exploded May 18, 1980 Mount St. Helens
40%
River Forms Border of two of the above states Columbia
36%
Lake Hosted Winter Olympics in 1960 Lake Tahoe
28%
Volcano Among the most active Volcanoes Mauna Loa
20%
Lake Famously blue lake, Natl. Park Crater Lake
8%
No matching quizzes found
Score Distribution
Percent of People with Each Score
Percentile by Number Answered
Your Score History
You have not taken this quiz